| 000 | 00948nas a2200301 4500 | ||
|---|---|---|---|
| 001 | BR2015000824 | ||
| 003 | BR-BrBNA | ||
| 005 | 20231205125015.0 | ||
| 007 | ta | ||
| 008 | 230509b bl.|||p| |||| 00| 00por d | ||
| 040 |
_aBR-BrBNA _bpor _cBiblioteca Nacional de Agricultura |
||
| 041 | _a(Pt) | ||
| 072 | _aQ02 | ||
| 100 | 1 | _aSilva, M.P. da | |
| 100 | 1 | _aGomes, F. dos S. | |
| 100 | 1 | _aFreire Júnior, M. | |
| 100 | 1 | _aCabral, L.M.C. | |
| 245 | 1 | _aAvaliação dos efeitos da radiação gama na conservação da qualidade da polpa de amora-preta (Rubus spp. L.) | |
| 650 | _aAMORA PRETA | ||
| 650 | _aPOLPA | ||
| 650 | _aQUALIDADE | ||
| 650 | _aRADIAÇÃO SOLAR | ||
| 650 | _aPRESERVAÇÃO DE ALIMENTO | ||
| 650 | _aVIDA-DE-PRATELEIRA | ||
| 773 | 0 |
_tRevista Brasileira de Fruticultura (Brazil) _xISSN 0100-2945 _g(Sep 2014), v. 36(3) p. 620-627 _wBR2015000824 |
|
| 909 |
_a202311 _bLúcia _c55 _dLúcia Elande |
||
| 942 |
_2AGRIS _n0 _cANA |
||
| 999 |
_c242104 _d242104 |
||